| АИС "Историко-культурное наследие Беларуси" | ||
| Базовый | Расширенный | Профессиональный | Словарь персоналий | Тематический словарь | По видам объектов | История запросов Заказы | Регистрация | |
Запись в MARC-формате
| копировать MARC-запись |
=LDR 00000cx\\c2200217\\\45\\
=001 BY-NLB-ar59567
=005 20160209113301.2
=100 \\$a20001231arusy50\\\\\\ca0
=152 \\$apsbo
=160 \\$ae-bw
=215 \\$aКостюковичский район (Могилевская область)
=300 1\$aОбразован в 1924 г. в составе Калининского округа. С 1927–1930 гг. – в Могилевском округе. С 1938 г. – в Могилевской области. Центр района – г. Костюковичи.
=356 \\$aРасположен в северо-восточной части Могилевской области.
=515 \\$5w$3BY-NLB-ar59568$aКасцюковіцкі раён (Магілёўская вобласць)
=515 \\$5g$3BY-NLB-ar18634$aМогилевская область
=801 \2$aBY$bBY-HM0000$c20061012
=801 \0$aBY$bBY-HM0000$c20001231
=801 \1$aBY$bBY-HM0000$c20040804
=810 \\$aРеспублика Беларусь : энциклопедия. [В 7 т.]. Т. 4. — Минск, 2007.
=810 \\$aРэспубліка Беларусь. Вобласці і раёны : энцыклапедычны даведнік. — Мінск, 2004.
=999 \\$g2$t20061012
Чтобы вернуться назад, щелкните кнопку BACK на Вашем браузере